Statistiques concernant Les constructeurs ayant remporté les 24h du Mans

Cliquez ici pour prendre le quiz!

Statistiques générales

  • Ce quiz a été pris 79 fois
  • Le résultat moyen est 11 sur 25

Statistiques - réponses

HintRéponse% Correct
10Ferrari
95%
3Peugeot
90%
19Porsche
87%
4Ford
85%
13Audi
83%
5Toyota
83%
1BMW
70%
1Aston Martin
60%
1McLaren
60%
2Bugatti
53%
4Alfa Romeo
52%
6Bentley
50%
7Jaguar
45%
1Mazda
42%
1Mercedes-Benz
27%
1Renault-Alpine
22%
1Rondeau
18%
2Lorraine-Dietrich
12%
1Chenard et Walcker
10%
1Delahaye
7%
1Lagonda
7%
1Mirage
5%
1Sauber Mercedes
3%
1Talbot-Lago
3%
3Matra Sinca
0%

Distribution des résultats

Percentile par nombre de réponses

% des personnes avec chaque résultat

Votre développement - résultats

Vous n’avez pas pris ce quiz